000 00602nam a2200181Ia 4500
008 100917s9999 xx 000 0 und d
082 _b20280
100 _aजोशी नारायण धोडदेव
245 _aगद्य पद्यार्थ बोध भा 5
260 _b---
_c1897
300 _a53
365 _b0
520 _aभाषाशास्त्र
630 _aगद्य पद्यार्थ बोध भा 5
650 _aभाषाशास्त्र
730 _aगद्य पद्यार्थ बोध भा 5
942 _cBOOK
999 _c625674
_d625671